zpět

Detail výsledku týmu

Harry, Brno

Datum a čas kvízu

27.5 Celkem bodů Celkový počet nahraných bodů na tomto kvízu bez doplňovacích otázek.
11. Pořadí na kvízu Konečné umístění týmu na tomto kvízu.

Zaznamenané odpovědi

# Otázka Odpověď Body Výsledky
1. Andrej Babiš byl dle očekávání... jeden 1
2. Po skandálu s udělením milosti... Maďarsko 1
3. Městské divadlo v Brně v sobot... Bílá Voda 1
4. Firma Google minulý týden přej... Gemini 1
5. V pondělí došlo ve španělské f... strčil hráči prst do zadku 0
6. Vítězné téma facebookového hla... 1B 2A 3C 4D 1
7. Dne 4. ledna 1997 došlo ke sňa... Havel, Veškrnová 1
8. Devadesátkovou klasikou je fil... Fuck Off Guys Good Day 0
9. V roce 1994 vyšel první díl he... Tekken 1
10. Ke kterému městu se v souvislo... Vsetín 0